000 00554ntaaa2200193 4500
003 01
005 20251027203153.0
008 0714s1973 ag 01
020 _a9780311031436
040 _aAR-BaBN
_bspa
_cAR-BaBN
_eaacr
_dRIC
082 _a220.7000 C731m19
100 _aClark, Stanley
_914029
245 _aRomanos
250 _a1 ed.
260 _aEl Paso :
_bMundo Hispano,
_c2006
300 _a266 p ;
_c21 cm
500 _aContiene: La vida y las enseƱanzas de Pablo por Gustavo Sanchez Gutierrez
650 _aBiblia - Nuevo Testamento - Romanos
999 _c27177
_d27177